[Event "Tenerife-chT Segunda"]
[Site "Tenerife"]
[Date "2023.03.11"]
[Round "7.1"]
[White "Casas Medina, Cristina"]
[Black "Sanchez Rodriguez, Pablo"]
[Result "0-1"]
[WhiteElo "1556"]
[BlackElo "1468"]
[PlyCount "36"]
[EventDate "2023.01.14"]
[EventType "team-tourn"]
[EventRounds "14"]
[EventCountry "ESP"]
[SourceTitle "EXT 2024"]
[Source "ChessBase"]
[SourceDate "2023.10.10"]
[SourceVersion "1"]
[SourceVersionDate "2023.10.10"]
[SourceQuality "1"]
[WhiteTeam "Chinaco Buenavista"]
[BlackTeam "Al Shah Mat Los Realejos III"]
[WhiteTeamCountry "ESP"]
[BlackTeamCountry "ESP"]

1. e4 e6 2. d4 d5 3. exd5 exd5 4. Nc3 Be6 5. Nf3 Nc6 6. Bb5 Bb4 7. Bxc6+ bxc6 8. Bd2 Ne7 9. a3 Bd6 10. 0-0 f6 11. Na4 h5 12. h3 g5 13. Nxg5 fxg5 14. Bxg5 Qd7 15. Re1 0-0-0 16. Qe2 Bxh3 17. Bxe7 Bxe7 18. gxh3 Rhg8+ 0-1

[Event "Tenerife-chT Primera"]
[Site "Tenerife"]
[Date "2021.10.09"]
[Round "14.3"]
[White "Sanchez Rodriguez, Pablo"]
[Black "Sanchez Jorge, Adrian"]
[Result "1-0"]
[WhiteElo "1361"]
[BlackElo "1310"]
[PlyCount "45"]
[EventDate "2021.02.27"]
[EventType "team-tourn"]
[EventRounds "14"]
[EventCountry "ESP"]
[SourceTitle "EXT 2023"]
[Source "ChessBase"]
[SourceDate "2022.10.05"]
[SourceVersion "1"]
[SourceVersionDate "2022.10.05"]
[SourceQuality "1"]
[WhiteTeam "Al Shah Mat Los Realejos II"]
[BlackTeam "Santa Ursula Badnor"]
[WhiteTeamCountry "ESP"]
[BlackTeamCountry "ESP"]

1. d4 d5 2. Nf3 Nf6 3. Bf4 Bf5 4. e3 c5 5. Bb5+ Nbd7 6. Ne5 a6 7. Bxd7+ Nxd7 8. Nxd7 Qxd7 9. 0-0 e6 10. Nd2 Rc8 11. c3 cxd4 12. exd4 Be7 13. Nf3 f6 14. Nh4 g5 15. Qh5+ Kd8 16. Nxf5 gxf4 17. Nxe7 Qxe7 18. Rfe1 Kd7 19. Re2 Kd6 20. Rae1 b5 21. Rxe6+ Qxe6 22. Rxe6+ Kxe6 23. Qg4+ 1-0

[Event "Tenerife-chT Segunda"]
[Site "Tenerife"]
[Date "2021.05.29"]
[Round "7.1"]
[White "Sanchez Rodriguez, Pablo"]
[Black "Ojeda Maroto, Isabelino"]
[Result "1-0"]
[WhiteElo "1361"]
[BlackElo "1128"]
[PlyCount "73"]
[EventDate "2021.02.27"]
[EventType "team-tourn"]
[EventRounds "13"]
[EventCountry "ESP"]
[SourceTitle "EXT 2023"]
[Source "ChessBase"]
[SourceDate "2022.10.05"]
[SourceVersion "1"]
[SourceVersionDate "2022.10.05"]
[SourceQuality "1"]
[WhiteTeam "Al Shah Mat Los Realejos III"]
[BlackTeam "Ebano Barrio Nuevo IV"]
[WhiteTeamCountry "ESP"]
[BlackTeamCountry "ESP"]

1. e4 e5 2. Nf3 Nc6 3. Bc4 Nf6 4. 0-0 Be7 5. c3 d5 6. exd5 Nxd5 7. Re1 Bf6 8. d4 0-0 9. dxe5 Re8 10. exf6 Nxf6 11. Qxd8 Rxd8 12. Bg5 Re8 13. Bxf6 Rxe1+ 14. Nxe1 gxf6 15. Nd2 Bf5 16. Nef3 Kg7 17. Nb3 Ne5 18. Nxe5 fxe5 19. Rd1 b6 20. f3 h5 21. h3 Rh8 22. Nd2 Rd8 23. Bb3 f6 24. Ne4 Rxd1+ 25. Bxd1 Bxe4 26. fxe4 h4 27. Kf2 Kg6 28. Ke3 c5 29. b4 cxb4 30. cxb4 a5 31. b5 Kg5 32. Bg4 Kg6 33. Kf3 Kg5 34. g3 hxg3 35. Kxg3 a4 36. a3 Kg6 37. Bd1 1-0

[Event "Isla de Tenerife U2000 1st"]
[Site "Tenerife"]
[Date "2021.02.06"]
[Round "8.4"]
[White "Mamani Beltran, Daniel"]
[Black "Sanchez Rodriguez, Pablo"]
[Result "1-0"]
[WhiteElo "1835"]
[BlackElo "1361"]
[PlyCount "141"]
[EventDate "2021.01.23"]
[EventType "tourn"]
[EventRounds "9"]
[EventCountry "ESP"]
[SourceTitle "EXT 2024"]
[Source "ChessBase"]
[SourceDate "2023.10.10"]
[SourceVersion "1"]
[SourceVersionDate "2023.10.10"]
[SourceQuality "1"]

1. d4 Nf6 2. c4 g6 3. Nc3 Bg7 4. e4 d6 5. Nf3 Nbd7 6. Be2 0-0 7. 0-0 b6 8. Be3 Bb7 9. Nd2 c5 10. d5 Re8 11. a3 a6 12. b4 e6 13. b5 exd5 14. exd5 axb5 15. Nxb5 Nf8 16. Bf4 Ne4 17. Nxe4 Rxe4 18. Be3 Bxa1 19. Qxa1 Qe7 20. Bd3 Rxe3 21. fxe3 Qxe3+ 22. Kh1 Qxd3 23. Qf6 Qxc4 24. Qxf7+ Kh8 25. Nxd6 Qxd5 26. Qxb7 Qxb7 27. Nxb7 Kg7 28. Ra1 c4 29. Nd6 c3 30. Nb5 Rc8 31. Rc1 c2 32. Nd4 Rd8 33. Nxc2 Rc8 34. Kg1 Ne6 35. Re1 Rxc2 36. Rxe6 Rc1+ 37. Kf2 Rc2+ 38. Kf3 Rc3+ 39. Re3 Rc5 40. h4 Kf6 41. g4 h5 42. g5+ Kf5 43. Kg3 Rc6 44. Rb3 Ke6 45. a4 Kd6 46. Rb4 Ke5 47. Kf3 Rc3+ 48. Ke2 Rc6 49. Kd3 Kf5 50. Kd4 Rd6+ 51. Kc4 Kg4 52. Kb5+ Kg3 53. Ka6 Rd8 54. Kxb6 Rb8+ 55. Kc5 Rc8+ 56. Kd6 Ra8 57. Kc7 Ra5 58. Kb6 Ra8 59. a5 Rb8+ 60. Kc5 Rc8+ 61. Kb5 Rb8+ 62. Ka4 Ra8 63. Rc4 Rb8 64. a6 Rb1 65. Rc3+ Kxh4 66. a7 Kxg5 67. a8Q Ra1+ 68. Ra3 Rxa3+ 69. Kxa3 h4 70. Qg2+ Kh5 71. Qf3+ 1-0

[Event "Tenerife U2000 1st"]
[Site "Tenerife"]
[Date "2021.01.23"]
[Round "2"]
[White "Gonzalez Estevez, Eduardo"]
[Black "Sanchez Rodriguez, Pablo"]
[Result "1-0"]
[WhiteElo "1183"]
[BlackElo "1361"]
[PlyCount "65"]
[EventDate "2021.01.23"]
[EventType "tourn"]
[EventRounds "9"]
[EventCountry "ESP"]
[SourceTitle "CBM 200 Extra"]
[Source "ChessBase"]
[SourceDate "2021.03.31"]
[SourceVersion "1"]
[SourceVersionDate "2021.03.31"]
[SourceQuality "1"]

1. c4 Nf6 2. g3 g6 3. Bg2 d5 4. cxd5 Nxd5 5. Nc3 Nb6 6. e3 Bg7 7. Nge2 0-0 8. 0-0 Nc6 9. Rb1 Nb4 10. a3 Bf5 11. e4 Bg4 12. axb4 Qd3 13. h3 Bxc3 14. hxg4 Qxb1 15. bxc3 c6 16. Nd4 e5 17. Qb3 Qd3 18. Nf3 Qxe4 19. Re1 Qxg4 20. Nxe5 Qf5 21. d4 Kg7 22. Re3 Qe6 23. Qc2 Qd6 24. Rf3 Nd7 25. Qd2 Nxe5 26. Qh6+ Kg8 27. dxe5 Qxe5 28. Be3 a5 29. Bd4 Qe1+ 30. Kh2 f6 31. Rxf6 Qe8 32. Bh3 Rxf6 33. Bxf6 1-0

[Event "Tenerife-chT Segunda 1920"]
[Site "Tenerife"]
[Date "2019.12.14"]
[Round "2.3"]
[White "Sole Violan, Carlos Enrique"]
[Black "Sanchez Rodriguez, Pablo"]
[Result "0-1"]
[WhiteElo "1433"]
[BlackElo "1326"]
[PlyCount "64"]
[EventDate "2019.11.30"]
[EventType "team-tourn"]
[EventRounds "14"]
[EventCountry "ESP"]
[SourceTitle "CBM 195 Extra"]
[Source "ChessBase"]
[SourceDate "2020.05.31"]
[SourceVersion "1"]
[SourceVersionDate "2020.05.31"]
[SourceQuality "1"]
[WhiteTeam "Circulo de Amistad XII Enero II"]
[BlackTeam "Al Shah Mat Los Realejos III"]
[WhiteTeamCountry "ESP"]
[BlackTeamCountry "ESP"]

1. c4 g6 2. Nc3 Bg7 3. Nf3 Nf6 4. g3 e6 5. d4 d5 6. Bg2 0-0 7. cxd5 exd5 8. 0-0 Ne4 9. Qb3 c6 10. Ne5 Nxc3 11. Qxc3 Qc7 12. Bf4 Qb6 13. Qd2 Bf5 14. Rad1 Re8 15. g4 Bxe5 16. Bxe5 Bxg4 17. Qh6 Rxe5 18. dxe5 Qxb2 19. f3 Be6 20. Qe3 Nd7 21. f4 Qb6 22. Kf2 Qxe3+ 23. Kxe3 Rd8 24. a4 a6 25. Kd4 c5+ 26. Kc3 d4+ 27. Kd3 b5 28. Bc6 Bf5+ 29. e4 c4+ 30. Kc2 Bg4 31. Rb1 Be2 32. Rfe1 Bd3+ 0-1